Country report non-discrimination Transposition and implementation at national level of Council Directives 2000/43 and 2000/78: Spain 2020 /

Bibliographic Details
Main Author: Cachn̤, Lorenzo
Format: eBook
Language:English
Published: Bruselas: European Union Publications Office, 2020
Subjects:
Online Access:Acceso restringido

MARC

LEADER 00000nam a22000007a 4500
005 20210907230928.0
007 cr|||| ||||
008 210907s2020 eu |||||s|||| 00||0 eng d
020 |a 978-92-76-19828-4 
035 |a 34547 
040 |a vLex 
090 |c 12309  |d 12309 
100 1 |a Cachn̤, Lorenzo 
245 1 0 |a Country report non-discrimination  |h [Recurso electrn̤ico] :  |b Transposition and implementation at national level of Council Directives 2000/43 and 2000/78: Spain 2020 /  |c Lorenzo Cachn̤ 
256 |a Servicio en ln̕ea 
260 |a Bruselas:  |b European Union Publications Office,  |c 2020 
300 |a 1 recurso electrn̤ico 
506 1 |a Disponible solo en los productos indicados  |d vLex Global  |d vLex Global (Academic Edition, excluding Law Schools)  |d vLex Global (U.S. Academic Edition, Law Schools)  |d vLex Global (U.S. Academic Edition, excluding Law Schools)  |d vLex Global (Academic Edition, Law Schools) 
650 0 4 |a Derecho Comunitario  |z Unin̤ Europea 
650 0 4 |a Derecho Constitucional  |z Unin̤ Europea 
740 0 |a vLex Libros (Servicio en ln̕ea) 
856 4 0 |u https://app.vlex.com/#/sources/34547  |z Acceso restringido 
942 |c BOOK 
999 0 |a Community Law 
999 0 |a Constitutional Law